<?xml version="1.0" encoding="UTF-8"?>
<record
    xmlns:xsi="http://www.w3.org/2001/XMLSchema-instance"
    xsi:schemaLocation="http://www.loc.gov/MARC21/slim http://www.loc.gov/standards/marcxml/schema/MARC21slim.xsd"
    xmlns="http://www.loc.gov/MARC21/slim">

  <leader>02620nam0a2200313 i 4500</leader>
  <controlfield tag="001">RU\NLR\BIBL_A\011249087</controlfield>
  <controlfield tag="005">20260406024122.0</controlfield>
  <datafield tag="010" ind1=" " ind2=" ">
    <subfield code="a">9785826515471</subfield>
    <subfield code="9">300</subfield>
  </datafield>
  <datafield tag="021" ind1=" " ind2=" ">
    <subfield code="a">RU</subfield>
    <subfield code="b">2016-75650</subfield>
    <subfield code="9">4914</subfield>
  </datafield>
  <datafield tag="035" ind1=" " ind2=" ">
    <subfield code="a">(NLR Aleph) 011249087</subfield>
  </datafield>
  <datafield tag="090" ind1=" " ind2=" ">
    <subfield code="a">12156750</subfield>
    <subfield code="c">12156750</subfield>
  </datafield>
  <datafield tag="100" ind1=" " ind2=" ">
    <subfield code="a">20161017d2016    u  y0rusy50      ca</subfield>
  </datafield>
  <datafield tag="101" ind1="0" ind2=" ">
    <subfield code="a">rus</subfield>
  </datafield>
  <datafield tag="102" ind1=" " ind2=" ">
    <subfield code="a">RU</subfield>
  </datafield>
  <datafield tag="105" ind1=" " ind2=" ">
    <subfield code="a">a   j   000yy</subfield>
  </datafield>
  <datafield tag="200" ind1="1" ind2=" ">
    <subfield code="a">&#x422;&#x435;&#x445;&#x43D;&#x43E;&#x43B;&#x43E;&#x433;&#x438;&#x44F; &#x443;&#x43A;&#x43B;&#x430;&#x434;&#x43A;&#x438; &#x430;&#x441;&#x444;&#x430;&#x43B;&#x44C;&#x442;&#x43E;&#x431;&#x435;&#x442;&#x43E;&#x43D;&#x43D;&#x44B;&#x445; &#x441;&#x43C;&#x435;&#x441;&#x435;&#x439; &#x43F;&#x440;&#x438; &#x441;&#x442;&#x440;&#x43E;&#x438;&#x442;&#x435;&#x43B;&#x44C;&#x441;&#x442;&#x432;&#x435; &#x43C;&#x43D;&#x43E;&#x433;&#x43E;&#x43F;&#x43E;&#x43B;&#x43E;&#x441;&#x43D;&#x44B;&#x445; &#x434;&#x43E;&#x440;&#x43E;&#x436;&#x43D;&#x44B;&#x445; &#x43F;&#x43E;&#x43A;&#x440;&#x44B;&#x442;&#x438;&#x439;</subfield>
    <subfield code="e">&#x443;&#x447;&#x435;&#x431;&#x43D;&#x43E;&#x435; &#x43F;&#x43E;&#x441;&#x43E;&#x431;&#x438;&#x435; &#x434;&#x43B;&#x44F; &#x441;&#x442;&#x443;&#x434;&#x435;&#x43D;&#x442;&#x43E;&#x432; &#x432;&#x443;&#x437;&#x43E;&#x432;, &#x43E;&#x431;&#x443;&#x447;&#x430;&#x44E;&#x449;&#x438;&#x445;&#x441;&#x44F; &#x43F;&#x43E; &#x43D;&#x430;&#x43F;&#x440;&#x430;&#x432;&#x43B;&#x435;&#x43D;&#x438;&#x44E; &#x43F;&#x43E;&#x434;&#x433;&#x43E;&#x442;&#x43E;&#x432;&#x43A;&#x438; &#x43C;&#x430;&#x433;&#x438;&#x441;&#x442;&#x440;&#x43E;&#x432; "&#x421;&#x442;&#x440;&#x43E;&#x438;&#x442;&#x435;&#x43B;&#x44C;&#x441;&#x442;&#x432;&#x43E;" (&#x43F;&#x440;&#x43E;&#x433;&#x440;&#x430;&#x43C;&#x43C;&#x430; &#x43C;&#x430;&#x433;&#x438;&#x441;&#x442;&#x435;&#x440;&#x441;&#x43A;&#x43E;&#x439; &#x43F;&#x43E;&#x434;&#x433;&#x43E;&#x442;&#x43E;&#x432;&#x43A;&#x438;: "&#x41F;&#x440;&#x43E;&#x435;&#x43A;&#x442;&#x438;&#x440;&#x43E;&#x432;&#x430;&#x43D;&#x438;&#x435;, &#x441;&#x442;&#x440;&#x43E;&#x438;&#x442;&#x435;&#x43B;&#x44C;&#x441;&#x442;&#x432;&#x43E; &#x438; &#x44D;&#x43A;&#x441;&#x43F;&#x43B;&#x443;&#x430;&#x442;&#x430;&#x446;&#x438;&#x44F;&#x430;&#x432;&#x442;&#x43E;&#x43C;&#x43E;&#x431;&#x438;&#x43B;&#x44C;&#x43D;&#x44B;&#x445; &#x434;&#x43E;&#x440;&#x43E;&#x433;") &#x438; &#x43F;&#x43E; &#x441;&#x43F;&#x435;&#x446;&#x438;&#x430;&#x43B;&#x44C;&#x43D;&#x43E;&#x441;&#x442;&#x438; "&#x421;&#x442;&#x440;&#x43E;&#x438;&#x442;&#x435;&#x43B;&#x44C;&#x441;&#x44C;&#x432;&#x43E;, &#x44D;&#x43A;&#x441;&#x43F;&#x43B;&#x443;&#x430;&#x442;&#x430;&#x446;&#x438;&#x44F;, &#x432;&#x43E;&#x441;&#x441;&#x442;&#x430;&#x43D;&#x43E;&#x432;&#x43B;&#x435;&#x43D;&#x438;&#x435; &#x438; &#x442;&#x435;&#x445;&#x43D;&#x438;&#x447;&#x435;&#x441;&#x43A;&#x43E;&#x435; &#x43F;&#x440;&#x438;&#x43A;&#x440;&#x44B;&#x442;&#x438;&#x435; &#x430;&#x432;&#x442;&#x43E;&#x43C;&#x43E;&#x431;&#x438;&#x43B;&#x44C;&#x43D;&#x44B;&#x445; &#x434;&#x43E;&#x440;&#x43E;&#x433;, &#x43C;&#x43E;&#x441;&#x442;&#x43E;&#x432; &#x438; &#x442;&#x43E;&#x43D;&#x43D;&#x435;&#x43B;&#x435;&#x439;" (&#x441;&#x43F;&#x435;&#x446;&#x438;&#x430;&#x43B;&#x438;&#x437;&#x430;&#x446;&#x438;&#x44F;: "&#x421;&#x442;&#x440;&#x43E;&#x438;&#x442;&#x435;&#x43B;&#x44C;&#x441;&#x44C;&#x432;&#x43E; (&#x440;&#x435;&#x43A;&#x43E;&#x43D;&#x441;&#x442;&#x440;&#x443;&#x43A;&#x446;&#x438;&#x44F;), &#x44D;&#x43A;&#x441;&#x43F;&#x43B;&#x443;&#x430;&#x442;&#x430;&#x446;&#x438;&#x44F; &#x438; &#x442;&#x435;&#x445;&#x43D;&#x438;&#x447;&#x435;&#x441;&#x43A;&#x43E;&#x435; &#x43F;&#x440;&#x438;&#x43A;&#x440;&#x44B;&#x442;&#x438;&#x435; &#x430;&#x432;&#x442;&#x43E;&#x43C;&#x43E;&#x431;&#x438;&#x43B;&#x44C;&#x43D;&#x44B;&#x445; &#x434;&#x43E;&#x440;&#x43E;&#x433;")</subfield>
    <subfield code="f">&#x410;.&#x424;. &#x417;&#x443;&#x431;&#x43A;&#x43E;&#x432;, &#x41A;.&#x410;. &#x410;&#x43D;&#x434;&#x440;&#x438;&#x430;&#x43D;&#x43E;&#x432;, &#x410;.&#x41C;. &#x41C;&#x430;&#x43A;&#x430;&#x440;&#x43E;&#x432;, &#x420;.&#x412;. &#x41A;&#x443;&#x43F;&#x440;&#x438;&#x44F;&#x43D;&#x43E;&#x432;</subfield>
    <subfield code="g">&#x41C;-&#x432;&#x43E; &#x43E;&#x431;&#x440;&#x430;&#x437;&#x43E;&#x432;&#x430;&#x43D;&#x438;&#x44F; &#x438; &#x43D;&#x430;&#x443;&#x43A;&#x438; &#x420;&#x43E;&#x441;. &#x424;&#x435;&#x434;&#x435;&#x440;&#x430;&#x446;&#x438;&#x438;, &#x424;&#x435;&#x434;&#x435;&#x440;. &#x433;&#x43E;&#x441;. &#x431;&#x44E;&#x434;&#x436;&#x435;&#x442;. &#x43E;&#x431;&#x440;&#x430;&#x437;&#x43E;&#x432;&#x430;&#x442;. &#x443;&#x447;&#x440;&#x435;&#x436;&#x434;&#x435;&#x43D;&#x438;&#x435; &#x432;&#x44B;&#x441;&#x448;. &#x43E;&#x431;&#x440;&#x430;&#x437;&#x43E;&#x432;&#x430;&#x43D;&#x438;&#x44F; "&#x422;&#x430;&#x43C;&#x431;&#x43E;&#x432;. &#x433;&#x43E;&#x441;. &#x442;&#x435;&#x445;&#x43D;. &#x443;&#x43D;-&#x442;"</subfield>
  </datafield>
  <datafield tag="210" ind1=" " ind2=" ">
    <subfield code="a">&#x422;&#x430;&#x43C;&#x431;&#x43E;&#x432;</subfield>
    <subfield code="c">&#x418;&#x437;&#x434;-&#x432;&#x43E; &#x424;&#x413;&#x411;&#x41E;&#x423; &#x412;&#x41E; "&#x422;&#x413;&#x422;&#x423;"</subfield>
    <subfield code="d">2016</subfield>
  </datafield>
  <datafield tag="215" ind1=" " ind2=" ">
    <subfield code="a">79 &#x441;.</subfield>
    <subfield code="c">&#x438;&#x43B;.</subfield>
    <subfield code="d">21</subfield>
  </datafield>
  <datafield tag="320" ind1=" " ind2=" ">
    <subfield code="a">&#x411;&#x438;&#x431;&#x43B;&#x438;&#x43E;&#x433;&#x440;. &#x432; &#x43A;&#x43E;&#x43D;&#x446;&#x435; &#x433;&#x43B;&#x430;&#x432;</subfield>
  </datafield>
  <datafield tag="606" ind1="1" ind2=" ">
    <subfield code="a">&#x410;&#x441;&#x444;&#x430;&#x43B;&#x44C;&#x442;&#x43E;&#x431;&#x435;&#x442;&#x43E;&#x43D;</subfield>
    <subfield code="j">&#x423;&#x447;&#x435;&#x431;&#x43D;&#x44B;&#x435; &#x438;&#x437;&#x434;&#x430;&#x43D;&#x438;&#x44F; &#x434;&#x43B;&#x44F; &#x432;&#x44B;&#x441;&#x448;&#x438;&#x445; &#x443;&#x447;&#x435;&#x431;&#x43D;&#x44B;&#x445; &#x437;&#x430;&#x432;&#x435;&#x434;&#x435;&#x43D;&#x438;&#x439;</subfield>
    <subfield code="x">&#x423;&#x43A;&#x43B;&#x430;&#x434;&#x43A;&#x430;</subfield>
    <subfield code="9">1044134</subfield>
    <subfield code="3">RU\NLR\AUTH\6684528</subfield>
  </datafield>
  <datafield tag="686" ind1="1" ind2=" ">
    <subfield code="a">&#x41E;311.45-064.204.4&#x44F;73-1</subfield>
  </datafield>
  <datafield tag="701" ind1=" " ind2="1">
    <subfield code="a">&#x417;&#x443;&#x431;&#x43A;&#x43E;&#x432;</subfield>
    <subfield code="b">&#x410;. &#x424;.</subfield>
    <subfield code="g">&#x410;&#x43D;&#x430;&#x442;&#x43E;&#x43B;&#x438;&#x439; &#x424;&#x435;&#x434;&#x43E;&#x440;&#x43E;&#x432;&#x438;&#x447;</subfield>
  </datafield>
  <datafield tag="701" ind1=" " ind2="1">
    <subfield code="a">&#x410;&#x43D;&#x434;&#x440;&#x438;&#x430;&#x43D;&#x43E;&#x432;</subfield>
    <subfield code="b">&#x41A;. &#x410;.</subfield>
    <subfield code="g">&#x41A;&#x43E;&#x43D;&#x441;&#x442;&#x430;&#x43D;&#x442;&#x438;&#x43D; &#x410;&#x43D;&#x430;&#x442;&#x43E;&#x43B;&#x44C;&#x435;&#x432;&#x438;&#x447;</subfield>
  </datafield>
  <datafield tag="701" ind1=" " ind2="1">
    <subfield code="8">rus</subfield>
    <subfield code="7">ca</subfield>
    <subfield code="a">&#x41C;&#x430;&#x43A;&#x430;&#x440;&#x43E;&#x432;</subfield>
    <subfield code="b">&#x410;. &#x41C;.</subfield>
    <subfield code="c">&#x43A;&#x430;&#x43D;&#x434;. &#x442;&#x435;&#x445;&#x43D;. &#x43D;&#x430;&#x443;&#x43A;, &#x441;&#x442;&#x440;&#x43E;&#x438;&#x442;&#x435;&#x43B;&#x44C;&#x441;&#x442;&#x432;&#x43E;</subfield>
    <subfield code="g">&#x410;&#x43B;&#x435;&#x43A;&#x441;&#x430;&#x43D;&#x434;&#x440; &#x41C;&#x438;&#x445;&#x430;&#x439;&#x43B;&#x43E;&#x432;&#x438;&#x447;</subfield>
    <subfield code="3">RU\NLR\AUTH\77125673</subfield>
    <subfield code="9">108598</subfield>
  </datafield>
  <datafield tag="701" ind1=" " ind2="1">
    <subfield code="a">&#x41A;&#x443;&#x43F;&#x440;&#x438;&#x44F;&#x43D;&#x43E;&#x432;</subfield>
    <subfield code="b">&#x420;. &#x412;.</subfield>
    <subfield code="g">&#x420;&#x43E;&#x43C;&#x430;&#x43D; &#x412;&#x430;&#x43B;&#x435;&#x440;&#x44C;&#x435;&#x432;&#x438;&#x447;</subfield>
  </datafield>
  <datafield tag="942" ind1=" " ind2=" ">
    <subfield code="c">BOOK</subfield>
  </datafield>
  <datafield tag="980" ind1=" " ind2=" ">
    <subfield code="a">NBR</subfield>
  </datafield>
</record>
